Running an agile software development project -(E-BOOK) (Record no. 192795)
[ view plain ]
| 000 -LEADER | |
|---|---|
| fixed length control field | 01317 a2200265 4500 |
| 003 - CONTROL NUMBER IDENTIFIER | |
| control field | Nust |
| 005 - DATE AND TIME OF LATEST TRANSACTION | |
| control field | 20170207154044.0 |
| 010 ## - LIBRARY OF CONGRESS CONTROL NUMBER | |
| LC control number | 2008009444 |
| 020 ## - INTERNATIONAL STANDARD BOOK NUMBER | |
| International Standard Book Number | 0470136693 (cloth) |
| 020 ## - INTERNATIONAL STANDARD BOOK NUMBER | |
| International Standard Book Number | 9780470136690 (cloth) |
| 035 ## - SYSTEM CONTROL NUMBER | |
| System control number | (OCoLC)212908931 |
| 035 ## - SYSTEM CONTROL NUMBER | |
| System control number | (OCoLC)ocn212908931 |
| 040 ## - CATALOGING SOURCE | |
| Transcribing agency | Nust |
| 082 00 - DEWEY DECIMAL CLASSIFICATION NUMBER | |
| Classification number | 005.11 |
| 100 1# - MAIN ENTRY--PERSONAL NAME | |
| Personal name | Holcombe, W. M. L. |
| 245 10 - TITLE STATEMENT | |
| Title | Running an agile software development project -(E-BOOK) |
| Statement of responsibility, etc. | Mike Holcombe. |
| 260 ## - PUBLICATION, DISTRIBUTION, ETC. | |
| Place of publication, distribution, etc. | Hoboken, N.J. : |
| Name of publisher, distributor, etc. | Wiley, |
| Date of publication, distribution, etc. | c2008. |
| 300 ## - PHYSICAL DESCRIPTION | |
| Extent | xiv, 312 p. : |
| Other physical details | ill. ; |
| Dimensions | 25 cm. |
| 505 ## - FORMATTED CONTENTS NOTE | |
| Formatted contents note | What Is an Agile Methodology? (page-1), Extreme Programming Outlined (page-19), Foundations: People and Teams Working Together (page-41), Starting an XP Project (page-73), Identifying Stories and Preparing to Build (page-119), Bringing the System Together as a Coherent Concept (page-153), Designing the System Tests (page-181), Units and Their Tests (page-215), Evolving the System (page-239), Documenting and Delivering the System (page-251), Reflecting on the Process (page-269), Lifestyle Matters (page-281). |
| 650 #0 - SUBJECT ADDED ENTRY--TOPICAL TERM | |
| Topical term or geographic name entry element | Agile software development. |
| 650 #0 - SUBJECT ADDED ENTRY--TOPICAL TERM | |
| Topical term or geographic name entry element | Computer software |
| General subdivision | Development. |
| 650 #0 - SUBJECT ADDED ENTRY--TOPICAL TERM | |
| Topical term or geographic name entry element | eXtreme programming. |
| 651 ## - SUBJECT ADDED ENTRY--GEOGRAPHIC NAME | |
| Geographic name | E-BOOK |
| 856 41 - ELECTRONIC LOCATION AND ACCESS | |
| Materials specified | Table of contents only |
| Uniform Resource Identifier | <a href="http://www.loc.gov/catdir/toc/ecip0812/2008009444.html">http://www.loc.gov/catdir/toc/ecip0812/2008009444.html</a> |
| 942 ## - ADDED ENTRY ELEMENTS (KOHA) | |
| Source of classification or shelving scheme | |
| Koha item type | Book |
| Withdrawn status | Lost status | Source of classification or shelving scheme | Damaged status | Not for loan | Collection code | Permanent Location | Current Location | Date acquired | Total Checkouts | Full call number | Barcode | Date last seen | Price effective from | Koha item type |
|---|---|---|---|---|---|---|---|---|---|---|---|---|---|---|
| Military College of Signals (MCS) | Military College of Signals (MCS) | 12/12/2016 | 005.11 HOL | MCSEB-2309 | 12/08/2016 | 12/12/2016 | Book |
